Steven Universe Fusions Quiz - Statistics

General Stats
  • This quiz has been taken 75 times
  • The average score is 15 of 20
Answer Stats
Components First Seen In: Answer % Correct
Pearl, Amethyst Giant Woman Opal
98%
Ruby, Sapphire Jail Break Garnet
95%
Steven, Connie Alone Together Stevonnie
95%
Garnet, Amethyst, Pearl Fusion Cuisine Alexandrite
90%
Pearl, Rose Quartz We Need To Talk Rainbow Quartz
88%
Ruby, Sapphire, Pearl Cry For Help Sardonyx
84%
Garnet, Amethyst Coach Steven Sugilite
84%
Lapis Lazuli, Jasper Jail Break Malachite
81%
Amethyst, Steven Earthlings Smoky Quartz
81%
Multiple Topazes Are You My Dad? Mega Topaz
72%
Garnet, Amethyst, Pearl, Steven Change Your Mind Obsidian
72%
Multiple Rubies The Answer Mega Ruby
71%
Pearl, Steven Change Your Mind Rainbow Quartz 2.0
71%
Garnet, Steven Change Your Mind Sunstone
67%
Steven, Greg Steven Universe: The Movie Steg
66%
Pearl, Pink Pearl Volleyball Mega Pearl
59%
Ruby, Aquamarine Bluebird Bluebird Azurite
57%
Ruby, Pearl Off Colors Rhodonite
52%
6 Unknown Gems Off Colors Fluorite
48%
Jasper, Ocean Jasper Earthlings Zebra Jasper
34%
No matching quizzes found
Score Distribution
Percent of People with Each Score
Percentile by Number Answered
Your Score History
You have not taken this quiz